| Tag |
First Indicator |
Second Indicator |
Subfields |
| LEADER |
00000cgm a2200000Mi 4500 |
| 001 |
in00005588821 |
| 006 |
m o c |
| 007 |
cr |n||||||||a |
| 007 |
vz |za|z| |
| 008 |
190313s2001 txu004 e o vueng d |
| 005 |
20241201234630.5 |
| 035 |
|
|
|a (OCoLC)on1112145645
|
| 040 |
|
|
|a ALSTP
|b eng
|e rda
|c ALSTP
|d OCLCO
|d OCLCF
|d OCLCA
|d OCLCO
|d OCLCL
|d OCLCQ
|d NUI
|
| 019 |
|
|
|a 1373527957
|a 1430827772
|a 1443962202
|
| 035 |
|
|
|a (OCoLC)1112145645
|z (OCoLC)1373527957
|z (OCoLC)1430827772
|z (OCoLC)1443962202
|
| 049 |
|
|
|a TXAM
|
| 245 |
0 |
0 |
|a Shaping America.
|n Lesson 10,
|p Inventing a nation.
|n Part 4 /
|c [producer/director, Julia Dyer].
|
| 246 |
3 |
3 |
|a Race to ratify
|
| 246 |
3 |
3 |
|a Shaping America :
|b U.S. history to 1877
|
| 264 |
|
1 |
|a Dallas, TX :
|b Dallas County Community College District,
|c 2001.
|
| 300 |
|
|
|a 1 online resource (4 minutes)
|
| 306 |
|
|
|a 000356
|
| 336 |
|
|
|a two-dimensional moving image
|b tdi
|2 rdacontent
|
| 337 |
|
|
|a computer
|b c
|2 rdamedia
|
| 337 |
|
|
|a video
|b v
|2 rdamedia
|
| 338 |
|
|
|a online resource
|b cr
|2 rdacarrier
|
| 347 |
|
|
|a video file
|2 rda
|
| 490 |
0 |
|
|a Academic Video Online
|
| 500 |
|
|
|a Title from resource description page (viewed June 3, 2019).
|
| 511 |
0 |
|
|a Narrator: Julie Mayfield.
|
| 520 |
|
|
|a Inventing a Nation depicts that having won independence, Americans now grappled with the process of nation-building - in particular, facing the persistent challenges of distributing political power among individuals, states and the national government. Explores the adoption of the Constitution, which still provides the legal framework for the nation.
|
| 546 |
|
|
|a In English.
|
| 630 |
0 |
0 |
|a Federalist.
|
| 630 |
0 |
7 |
|a Federalist.
|2 fast
|0 (OCoLC)fst01356894
|
| 651 |
|
0 |
|a United States
|x Politics and government
|y 1783-1789.
|
| 650 |
|
0 |
|a Constitutional history
|z United States
|y 18th century.
|
| 651 |
|
6 |
|a États-Unis
|x Politique et gouvernement
|y 1783-1789.
|
| 650 |
|
6 |
|a Histoire constitutionnelle
|z États-Unis
|y 18e siècle.
|
| 650 |
|
7 |
|a Constitutional history.
|2 fast
|0 (OCoLC)fst00875777
|
| 650 |
|
7 |
|a Politics and government.
|2 fast
|0 (OCoLC)fst01919741
|
| 651 |
|
7 |
|a United States.
|2 fast
|0 (OCoLC)fst01204155
|1 https://id.oclc.org/worldcat/entity/E39PBJtxgQXMWqmjMjjwXRHgrq
|
| 648 |
|
7 |
|a 1700-1799
|2 fast
|
| 655 |
|
7 |
|a Educational films.
|2 fast
|0 (OCoLC)fst01726235
|
| 655 |
|
7 |
|a Film excerpts.
|2 fast
|0 (OCoLC)fst01726130
|
| 655 |
|
7 |
|a Film excerpts.
|2 lcgft
|
| 655 |
|
7 |
|a Educational films.
|2 lcgft
|
| 655 |
|
7 |
|a Films éducatifs.
|2 rvmgf
|
| 700 |
1 |
|
|a Dyer, Julia,
|e director,
|e producer.
|
| 700 |
1 |
|
|a Mayfield, Julie,
|d 1962-
|e narrator.
|
| 710 |
2 |
|
|a Dallas TeleLearning (Firm),
|e production company.
|
| 710 |
2 |
|
|a Dallas County Community College District,
|e publisher.
|
| 856 |
4 |
0 |
|u http://proxy.library.tamu.edu/login?url=https://www.aspresolver.com/aspresolver.asp?MARC;3226155
|z Connect to this streaming video (Alexander Street Press)
|t 0
|
| 955 |
|
|
|a Alexander Street Press subscription streaming video
|
| 994 |
|
|
|a 92
|b TXA
|
| 999 |
f |
f |
|s 247f90ab-4dc8-4183-987a-bcf8ebb55943
|i f2eee347-61c7-4450-84b1-1d7788db0670
|t 0
|
| 952 |
f |
f |
|a Texas A&M University
|b College Station
|c Electronic Resources
|d Available Online
|t 0
|h Library of Congress classification
|
| 998 |
f |
f |
|t 0
|l Available Online
|